000 01868nam0a22002771 4500
001 rc\3458536
005 20260407150847.0
021 _aRU
_b71-69308
021 _aRU
_bРг16529-72
035 _a(NLR Aleph) 007884939
090 _a7941490
_c7941490
100 _a20130115d1971 |||y0rusy50 ca
101 0 _arus
102 _aRU
105 _ay z |||||
200 1 _aРекомендации Научной конференции "О методологии и методах учета дифференциальной ренты в связи с экономической оценкой земли", созванной Институтом экономики АН СССР совместно с Центральным экономико-математическим институтом АН СССР 8-10 февраля 1971 года. г. Москва
210 _a[Москва]
_cБ. и.
_d1971
215 _a7 л.
_d30
309 _aБез тит. л. и обл.
532 1 3 _aРекомендации Научной конференции О методологии и методах учета дифференциальной ренты в связи с экономической оценкой земли, созванной Институтом экономики АН СССР совместно с Центральным экономико-математическим институтом АН СССР 8-10 февраля 1971 года. г. Москва
710 1 2 _a"О методологии и методах учета дифференциальной ренты в связи с экономической оценкой земли", научное совещание
_f1971
_eМосква
_3RU\NLR\AUTH\8810090707
_9682685
801 0 _aRU
_bNLR
_gpsbo
801 1 _aRU
_bELAR
_2rusmarc
852 _aNLR
_j71-9/350
942 _cBOOK
980 _aNB